000 00600nam a2200181 a 4500
008 120416s1977 ||||||||||||||||| || u
050 _aJS 341 Lev
100 _aLevin, Melvin R
245 1 0 _aCommunity and regional planning
246 _aissues in public policy
250 _a3rd. ed
260 _aLondon
_bPraeger
_c1977
300 _axxiii, 278p
350 _a0.00
650 _aREGIONAL PLANNING--PUBLIC POLICY
650 _aPLANNING
995 _D0.00
_FCBU-MAIN LIBRARY (Kitwe)
_H1
_I0.00
_M1
_UAVAILABLE
_ZAnnex Low-Usage Collection
999 _c37944
_d37944